Culture Générale - Série 1307 - Statistiques

Statistiques générales
  • Ce quiz a été pris 84 fois
  • Le résultat moyen est 5 sur 10
Statistiques - réponses
Question Réponse % Correct
De quel pays est originaire le pape François ? Argentine
85%
De quel pays Gustave II Adolphe, surnommé "Le lion du nord" a-t-il été roi ? Suède
59%
De quel roi Sully fut le ministre ? Henri IV
56%
De quel liquide l'innocuité a-t-elle été améliorée par l'invention de Louis Pasteur, le rendant propre à la consommation ? lait
53%
Où a été signé le traité qui a mis fin à la Première Guerre mondiale ? Versailles
48%
De quel pays d'Asie Sukarno ou Souekarno fut-il le premier président de 1945 à 1967 ? Indonésie
41%
Où les députés de la Révolution ont-ils fait serment de doter la France d'une constitution ? salle du jeu de Paume
40%
Où a été composée la Marseillaise ? Strasbourg
37%
De quel bâtiment londonien la Porte des Traîtres (Traitor's Gate), est-elle l'entrée ? La tour de Londres
35%
Dans quelle ville d'Europe se trouve un palais soutenu par 13 659 poteaux de bois ? Amsterdam
15%
Aucun quiz correspondant
Distribution des résultats
% des personnes avec chaque résultat
Percentile par nombre de réponses
Votre historique - résultats
Vous n’avez pas pris ce quiz